Anagrammes - Prénoms féminins - Série 01 - Statistiques

Statistiques générales
  • Ce quiz a été pris 649 fois
  • Le résultat moyen est 7 sur 10
Statistiques - réponses
Anagramme Prénom % Correct
GAHETA Agathe
90%
AIMER Marie
88%
NAGES Agnès
82%
CHANBLE Blanche
77%
GRUTEDER Gertrude
71%
ALTENACH Chantale
64%
FINANCER Francine
60%
ENAIRA Ariane
50%
ALLIENDE Danielle
46%
ENTICHERA Catherine
36%
Aucun quiz correspondant
Distribution des résultats
% des personnes avec chaque résultat
Percentile par nombre de réponses
Votre historique - résultats
Vous n’avez pas pris ce quiz